000 05402cam a22005894i 4500
003 PE-LiUPU
005 20250731180144.0
008 150706s r 000 0 d
020 _a9972290921
035 _a(Sirsi) i9789972290923
040 _aPE-LiUPU
_bspa
_cPE-LiUPU
_erda
049 _aPRUA
082 0 4 _a574.1338
_bH41
_221
100 1 _aHernández Martínez, Ernesto,
_eautor.
245 1 0 _aEvaluación del pardeamiento enzimático durante el almacenamiento en congelación del puré de palta :
_b(persea americana mill) VAR. HASS /
_cErnesto Hernández Martínez.
264 1 _aLima :
_bAsamblea Nacional de Rectores,
_c2006.
300 _a178 páginas :
_bilustraciones ;
_c24 centímetros
336 _atext
_2rdacontent
337 _aunmediated
_2rdamedia
338 _avolume
_2rdacarrier
504 _aIncluye bibliografía.
505 0 _aGeneralidades de la palta -- Origen y clasificación taxonómica -- Características botánicas -- Principales variedades de palta producidas en el Perú -- Momento óptimo para la cosecha e índices de madurez -- Composición química y valor nutricional de la palta -- Enzimas presentes en la palta -- Fenómenos de deterioro de la pulpa de la palta -- Pardeamiento enzimático -- Deteminación de la cinética de la polifenoloxidasa -- Extracción de la enzima polifenoloxidasa -- Determinación de la actividad enzimática -- Actividad enzimática a diferentes pH y temperaturas -- Velocidad máxima de reacción (Vmax) -- Deterioro microbiano -- Rancidez oxidativa -- Métodos de conservación del puré de palta -- Aplicación de aditivos -- Regularización del pH -- Cambio de atmósfera -- Aplicación de frío -- Altas presiones -- Evaluación del color de la pulpa de palta -- Evaluación sensorial de la pulpa de palta -- Materiales y métodos -- Lugar de ejecución -- Materia Prima -- Materiales y equipos -- Métodos de análisis -- Análisis químico proximal -- Cinética de la enzima polifenoloxidasa -- Determinación de la actividad enzimática -- Extracción de la polifenoloxidasa -- Medida de la actividad de la polifenoloxidasa -- Influencia del pH y de la temperatura en la actividad enzimática -- Influencia de la temperatura sobre la actividad -- Cálculo de la velocidad máxima de reacción -- Medición del color -- Coordenadas hunter L, a y b -- Valores de hue y croma -- Diferencia total del color (E o DTC) -- Evaluación del pH -- Análisis sensorial -- Prueba triangular -- Escala hedónica -- Prueba de orden de peferencia (Ranking) -- Análisis microbiológicos -- Metodología experimetal -- Diseño experimental -- Primer factor: aplicación de aditivos -- Segundo factor: envasado al vacío -- Análisis estadístico -- Resultado y discusión -- Caracterización de la materia prima -- Caracterización del puré de palta recién procesado -- Composición química proximal -- Cinética de la enzima polifenoloxidasa (PFO) -- Actividad enzimática a diferentes pH -- Actividad enzimática a diferentes temperaturas -- Velocidad máxima de la actividad enzimática -- Evaluación del color del puré de palta -- Evaluación del pH del puré de palta -- Características sensoriales -- Caracterísiticas microbiológicas -- Cambios en el puré de palta durante el almacenamiento -- Cinética de la enzima polifenoloxidasa -- Actividad enzimática a diferentes pH -- Actividad enzimática a diferentes temperaturas -- Velocidad máxima de actividad enzimática (Vmáx) -- Color -- Coordenadas de color L, a y b -- Valores de hue y croma -- Diferencia total del color (E o DTC) -- pH -- Características sensoriales -- Escala hedónica -- Prueba de orden de preferencia (Ranking) -- Características microbiológicas.
526 _aSEG44
526 _aSEG26
526 _aP159
526 _aP155
526 _aP154
526 _aP153
526 _aP150
526 _aP100
526 _aP31
526 _aP30
526 _aP26
526 _aP25
526 _aP24
526 _aP22
526 _aP15
526 _aP10
650 0 4 _aOxidación en paltas.
910 _bjck
_d20110511
942 _2ddc
_cBOOK
949 _a574.1338 H41
_wDEWEY
_c1
_i62886
_d2016-4-22
_e2016-4-19
_lCCODEBUL1
_mBUL
_n1
_p19.00
_r0
_sY
_tBOOK
_u2015-7-6
_xSALUD
_zUNKNOWN
_0COMPRA
_o.STAFF. Colección General
949 _a583.31 H43 2006
_wDEWEY
_c1
_iFJ06067
_lCCODEBUJ1
_mBUJ
_p19.00
_r0
_sY
_tBOOK
_u2017-05-11
_xINGENIERIA
_PP26
_0COMPRA
_o.STAFF -- Colección General Juliaca
949 _a583.31 H43 2006
_wDEWEY
_c2
_iFJ06068
_lCCODEBUJ1
_mBUJ
_p19.00
_r0
_sY
_tBOOK
_u2017-05-11
_xINGENIERIA
_PP26
_0COMPRA
_o.STAFF -- Colección General Juliaca
994 _aC0
_bPEPRU
596 _a1 3
999 _a574.1338 H41
_wDEWEY
_c51914
_i62886
_d51914
_e2016-4-19
_f2021-11-5
_g4
_lCCODEBUL1
_mBUL
_n1
_p19.00
_q1
_r0
_sY
_tBOOK
_u2015-7-6
_xBIBLIOTECA
_zUNKNOWN
_0COMPRA
_o.STAFF. Colección General
999 _a583.31 H43 2006
_wDEWEY
_c1
_iFJ06067
_f2022-1-25
_g3
_lCCODEBUJ1
_mBUJ
_p19.00
_r0
_sY
_tBOOK
_u2017-1-26
_xINGENIERIA
_PP26
_0COMPRA
_o.STAFF. Colección General Juliaca
999 _a583.31 H43 2006
_wDEWEY
_c2
_iFJ06068
_f2022-1-25
_g3
_lCCODEBUJ1
_mBUJ
_p19.00
_r0
_sY
_tBOOK
_u2017-1-26
_xINGENIERIA
_PP26
_0COMPRA
_o.STAFF. Colección General Juliaca
980 _81
_gALBERTO SANCHEZ Responsable de Automatización